| 000 | 01042nam a22001937a 4500 | ||
|---|---|---|---|
| 005 | 20260412060604.0 | ||
| 008 | 260121b |||||||| |||| 00| 0 eng d | ||
| 020 | _a9781108461085 (paperback) | ||
| 082 | _a330 VOI | ||
| 100 | _aVoigt, Stefan | ||
| 245 |
_aInstitutional economics : _ban introduction / _cStefan Voigt |
||
| 260 |
_aNew York : _bCambridge University Press, _c2019. |
||
| 300 |
_axi, 293 p. ; _c23 cm. |
||
| 365 | _bRs. 5164.00 | ||
| 505 | _aIntroduction - The Basics - 2. Simple Transactions - 3. Repeated and Long-Term Transactions: On the Choice of Governance Structures with Given Institutions - 4, Institutions and Collective Action - 5. The Relevance of Institutions for Growth and Development - 6. Explaining Differences in External Institutions across Societies - 7. Explaining Change in lnternal Institutions - 8. On the Need for Normative Theory - 9. Consequences for Economic Policy - 10. Outlook - References - Index. | ||
| 650 | _aeconomics | ||
| 650 | _aEconomic Policy | ||
| 942 |
_2ddc _cBK |
||
| 999 |
_c214202 _d214202 |
||